[Event "Wachtebeke-A"]
[Site "Wachtebeke"]
[Date "2024.02.13"]
[Round "6"]
[White "Ochs, Daniel Elias"]
[Black "Dobrikov, Marco"]
[Result "0-1"]
[WhiteElo "2287"]
[BlackElo "2248"]
[PlyCount "76"]
[EventDate "2024.02.10"]
[EventType "tourn"]
[EventRounds "9"]
[EventCountry "BEL"]
[EventCategory "3"]
[SourceTitle "CB09_2024"]
[SourceDate "2024.02.28"]
[SourceVersion "1"]
[SourceVersionDate "2024.02.28"]
[SourceQuality "1"]

1. d4 Nf6 2. c4 c5 3. d5 b5 4. cxb5 a6 5. e3 e6 6. Nc3 Bb7 7. dxe6 fxe6 8. Nf3 Be7 9. Be2 0-0 10. 0-0 axb5 11. Nxb5 Na6 12. b3 Qb8 13. a4 Ng4 14. h3 Bf6 15. Rb1 Bxf3 16. hxg4 Be4 17. Bd3 Bc6 18. Ba3 Qe5 19. Qe2 Nb4 20. f4 Qb8 21. Bxb4 cxb4 22. g5 Bxb5 23. Bxb5 Bc3 24. Bxd7 Qb6 25. Rbd1 Rad8 26. Kh1 Kh8 27. Bb5 g6 28. Bc4 e5 29. Rxd8 Qxd8 30. Qg4 Qd2 31. Qe6 exf4 32. exf4 Bg7 33. a5 Qd8 34. a6 Re8 35. Qd5 Qc8 36. Qf3 Bd4 37. Rd1 Re3 38. Qb7 Rh3+ 0-1

[Event "Titled Tuesday intern op 12th Dec Early"]
[Site "Chess.com INT"]
[Date "2023.12.12"]
[Round "1"]
[White "Nugumanov, Bakhtiyar"]
[Black "Dobrikov, Marco"]
[Result "0-1"]
[WhiteElo "2293"]
[BlackElo "2262"]
[PlyCount "66"]
[EventDate "2023.12.12"]
[EventType "swiss (blitz)"]
[EventRounds "11"]
[EventCountry "USA"]
[SourceTitle "CB51_2023"]
[SourceDate "2023.12.20"]
[SourceVersion "1"]
[SourceVersionDate "2023.12.20"]
[SourceQuality "1"]

1. d4 Nf6 2. c4 g6 3. Nc3 d5 4. cxd5 Nxd5 5. e4 Nxc3 6. bxc3 Bg7 7. Nf3 c5 8. Bb5+ Bd7 9. Rb1 Qa5 10. Bxd7+ Nxd7 11. 0-0 b6 12. a4 Qxc3 13. d5 Qc4 14. Re1 e5 15. Nd2 Qd3 16. Rb3 Qa6 17. Qc2 0-0 18. Rb5 Nf6 19. Nc4 Rfd8 20. Nxe5 Re8 21. Bb2 Nh5 22. Nc6 Bxb2 23. Rxb2 Nf4 24. Rb5 Nxd5 25. h4 Nf4 26. Rd1 Qc8 27. Rd6 Qg4 28. f3 Qxh4 29. Qd2 Qg3 30. Rb1 Nxg2 31. Rd7 Ne3+ 32. Kh1 Qxf3+ 33. Kg1 Rxe4 0-1

[Event "Titled Tuesday intern op 26th Sep Early"]
[Site "Chess.com INT"]
[Date "2023.09.26"]
[Round "6"]
[White "Herman, Daniel"]
[Black "Dobrikov, Marco"]
[Result "0-1"]
[WhiteElo "1927"]
[BlackElo "2252"]
[PlyCount "118"]
[EventDate "2023.09.26"]
[EventType "swiss (blitz)"]
[EventRounds "11"]
[EventCountry "USA"]
[SourceTitle "EXT 2024"]
[Source "ChessBase"]
[SourceDate "2023.10.10"]
[SourceVersion "1"]
[SourceVersionDate "2023.10.10"]
[SourceQuality "1"]

1. d4 Nf6 2. c4 e6 3. Nc3 d5 4. cxd5 exd5 5. Bg5 Be7 6. e3 0-0 7. Bd3 c6 8. Qc2 Nbd7 9. Nge2 Re8 10. 0-0 Nf8 11. Rae1 Ng6 12. f3 h6 13. Bxf6 Bxf6 14. Ng3 Rxe3 15. Rxe3 Bxd4 16. Nd1 Nf4 17. Bf5 Qb6 18. Rfe1 Bxe3+ 19. Nxe3 g6 20. Bxc8 Rxc8 21. Kh1 Re8 22. Qd2 Re6 23. Ng4 Rxe1+ 24. Qxe1 Qxb2 25. Qe8+ Kg7 26. Qe5+ Qxe5 27. Nxe5 Kf6 28. Ng4+ Ke6 29. Kg1 c5 30. Kf2 b5 31. Ne2 h5 32. Nxf4+ Kf5 33. Ne3+ Kxf4 34. Nxd5+ Ke5 35. Ne3 Kd4 36. Ke2 Kc3 37. Nd5+ Kb2 38. Nc7 b4 39. Kd3 Kxa2 40. Kc4 a5 41. Na6 b3 42. Nxc5 b2 43. Ne4 b1Q 44. Nc3+ Kb2 45. Nxb1 Kxb1 46. Kb5 Kc2 47. Kxa5 Kd3 48. Kb6 Ke3 49. Kc6 Kf2 50. Kd7 Kxg2 51. Ke7 Kxf3 52. Kxf7 g5 53. Kg6 Kg4 54. Kh6 h4 55. Kg6 h3 56. Kh6 Kf3 57. Kxg5 Kg2 58. Kg4 Kxh2 59. Kh4 Kg1 0-1

[Event "Titled Tuesday intern op 26th Sep Early"]
[Site "Chess.com INT"]
[Date "2023.09.26"]
[Round "7"]
[White "Mikaelyan, Arman"]
[Black "Dobrikov, Marco"]
[Result "0-1"]
[WhiteElo "2529"]
[BlackElo "2252"]
[PlyCount "112"]
[EventDate "2023.09.26"]
[EventType "swiss (blitz)"]
[EventRounds "11"]
[EventCountry "USA"]
[SourceTitle "EXT 2024"]
[Source "ChessBase"]
[SourceDate "2023.10.10"]
[SourceVersion "1"]
[SourceVersionDate "2023.10.10"]
[SourceQuality "1"]

1. e4 e6 2. Qe2 Ne7 3. g3 d5 4. exd5 exd5 5. Bg2 g6 6. Nf3 Bg7 7. 0-0 0-0 8. d4 Bg4 9. c3 c6 10. h3 Bxf3 11. Bxf3 Nd7 12. Nd2 Re8 13. Qd3 Nf5 14. Nb3 Nd6 15. Bf4 Ne4 16. Nd2 f5 17. Qc2 Nf8 18. Nxe4 fxe4 19. Bg2 Ne6 20. Be3 Bf6 21. h4 Rf8 22. Rad1 Ng7 23. Qb3 Qb6 24. Qa3 Rf7 25. c4 Be7 26. Qc3 Raf8 27. Bh3 Rf3 28. cxd5 cxd5 29. Bg2 R3f7 30. Bh6 Bd6 31. Qb3 Qxb3 32. axb3 Rc8 33. Bh3 Rc2 34. Rc1 Rfc7 35. Rxc2 Rxc2 36. Rc1 Rxb2 37. Rc8+ Kf7 38. Rd8 Ne6 39. Rxd6 Nxd4 40. Rd7+ Ke8 41. Rxd5 Nf3+ 42. Kg2 Rb1 43. Bd7+ Ke7 44. Kh3 Rxb3 45. Ba4 Rb2 46. Rd7+ Ke6 47. Rxh7 Rxf2 48. Bb3+ Kf5 49. Rf7+ Ke5 50. Be3 Rb2 51. Bc4 b5 52. Bf1 a5 53. Rb7 b4 54. Rb5+ Kf6 55. Rxa5 Rh2+ 56. Kg4 Ne5+ 0-1

[Event "Titled Tuesday intern op 22nd Aug Early"]
[Site "Chess.com INT"]
[Date "2023.08.22"]
[Round "2"]
[White "Kovalenko, Igor"]
[Black "Dobrikov, Marco"]
[Result "1-0"]
[WhiteElo "2674"]
[BlackElo "2252"]
[PlyCount "101"]
[EventDate "2023.08.22"]
[EventType "swiss (blitz)"]
[EventRounds "11"]
[EventCountry "USA"]
[SourceTitle "EXT 2024"]
[Source "ChessBase"]
[SourceDate "2023.10.10"]
[SourceVersion "1"]
[SourceVersionDate "2023.10.10"]
[SourceQuality "1"]

1. c4 g6 2. g3 Bg7 3. Bg2 Nf6 4. Nc3 0-0 5. e3 c6 6. Nge2 d5 7. b3 e5 8. d4 exd4 9. Nxd4 dxc4 10. bxc4 Qa5 11. Bd2 Qc5 12. Qe2 Bg4 13. Nb3 Qd6 14. f3 Be6 15. Rc1 Na6 16. 0-0 Nb4 17. c5 Qd3 18. Nd4 Bc4 19. Qf2 Nxa2 20. Nxa2 Bxa2 21. Rc3 Qa6 22. Ra1 Nd7 23. Rc2 Nxc5 24. Raxa2 Na4 25. Bf1 b5 26. Rxc6 Qb7 27. Bxb5 Bxd4 28. Bxa4 Qb1+ 29. Bc1 Bb6 30. Kg2 Rac8 31. Rac2 Rxc6 32. Rxc6 Qa1 33. Bb3 Rd8 34. Qc2 Qe5 35. Rc8 Rxc8 36. Qxc8+ Kg7 37. Qc4 Qf6 38. f4 a5 39. h4 h5 40. e4 a4 41. Bxa4 Qe7 42. Bb3 Kg8 43. Qc6 Bd4 44. Qxg6+ Kf8 45. Qf5 Bf6 46. Qc8+ Kg7 47. e5 Bxe5 48. fxe5 Qxe5 49. Qc2 Kg8 50. Bf4 Qf6 51. Bd5 1-0

[Event "Titled Tuesday intern op 15th Aug Early"]
[Site "Chess.com INT"]
[Date "2023.08.15"]
[Round "2"]
[White "Dobrikov, Marco"]
[Black "Svane, Rasmus"]
[Result "1-0"]
[WhiteElo "2252"]
[BlackElo "2631"]
[PlyCount "37"]
[EventDate "2023.08.15"]
[EventType "swiss (blitz)"]
[EventRounds "11"]
[EventCountry "USA"]
[SourceTitle "EXT 2024"]
[Source "ChessBase"]
[SourceDate "2023.10.10"]
[SourceVersion "1"]
[SourceVersionDate "2023.10.10"]
[SourceQuality "1"]

1. d4 d5 2. Bf4 e6 3. e3 Bd6 4. Bg3 Nf6 5. c4 0-0 6. Nc3 b6 7. Nf3 Bb7 8. Be2 dxc4 9. Bxc4 Nbd7 10. 0-0 Qe7 11. Qe2 Bxg3 12. hxg3 c5 13. Rfd1 Rfd8 14. Rac1 h6 15. Ba6 Bxa6 16. Qxa6 cxd4 17. exd4 Nb8 18. Qe2 Nc6 19. Rd2 1-0

[Event "Titled Tuesday intern op 08th Aug Late"]
[Site "Chess.com INT"]
[Date "2023.08.08"]
[Round "3"]
[White "Vafin, Ayrat"]
[Black "Dobrikov, Marco"]
[Result "1-0"]
[WhiteElo "2302"]
[BlackElo "2252"]
[PlyCount "81"]
[EventDate "2023.08.08"]
[EventType "swiss (blitz)"]
[EventRounds "11"]
[EventCountry "USA"]
[SourceTitle "EXT 2024"]
[Source "ChessBase"]
[SourceDate "2023.10.10"]
[SourceVersion "1"]
[SourceVersionDate "2023.10.10"]
[SourceQuality "1"]

1. Nf3 g6 2. g3 Bg7 3. d4 d6 4. Bg2 Nf6 5. c4 0-0 6. Nc3 Na6 7. 0-0 c5 8. b3 Bd7 9. Bb2 Rc8 10. d5 Nc7 11. a4 b6 12. Qc2 a6 13. e4 Nfe8 14. Rfe1 b5 15. axb5 axb5 16. e5 dxe5 17. Nxe5 bxc4 18. bxc4 Nd6 19. Ne4 Rb8 20. Bc3 Nxe4 21. Bxe4 Ne8 22. Ra7 Bxe5 23. Bxe5 Nd6 24. Bd3 Ra8 25. Rxa8 Qxa8 26. Qd2 Qa3 27. Qh6 Ne8 28. Re3 Qc1+ 29. Kg2 f6 30. Bf4 e5 31. Rxe5 Qxf4 32. Qxf4 fxe5 33. Qxe5 Rf6 34. Qe7 Rf7 35. Qxc5 Bg4 36. f4 Kg7 37. Qd4+ Nf6 38. c5 Rd7 39. d6 Be6 40. c6 Bd5+ 41. Qxd5 1-0

[Event "Titled Tuesday intern op 01st Aug Late"]
[Site "Chess.com INT"]
[Date "2023.08.01"]
[Round "7"]
[White "Ashraf, Artin"]
[Black "Dobrikov, Marco"]
[Result "1-0"]
[WhiteElo "2352"]
[BlackElo "2252"]
[PlyCount "115"]
[EventDate "2023.08.01"]
[EventType "swiss (blitz)"]
[EventRounds "11"]
[EventCountry "USA"]
[SourceTitle "EXT 2024"]
[Source "ChessBase"]
[SourceDate "2023.10.10"]
[SourceVersion "1"]
[SourceVersionDate "2023.10.10"]
[SourceQuality "1"]

1. e4 g6 2. d4 Bg7 3. Nf3 d6 4. c3 e5 5. dxe5 dxe5 6. Qxd8+ Kxd8 7. Bc4 Be6 8. Bxe6 fxe6 9. Na3 Nd7 10. Nc4 Ke7 11. Bg5+ Bf6 12. Be3 b6 13. 0-0-0 Bg7 14. Bg5+ Bf6 15. Bxf6+ Ngxf6 16. Ncxe5 Nxe5 17. Nxe5 Nxe4 18. Rd7+ Ke8 19. Rxc7 Nf6 20. Rd1 Nd5 21. Rb7 Rf8 22. c4 Rc8 23. Kb1 Nb4 24. Rxh7 Rc5 25. Nd7 Rxf2 26. Nxc5 bxc5 27. Rxa7 Rxg2 28. Rc7 Rxh2 29. Rxc5 Rf2 30. a3 Nc2 31. Re5 Ke7 32. Re4 Kf6 33. c5 Kf5 34. c6 Kxe4 35. c7 Ne3 36. Rc1 Rf8 37. c8Q Rxc8 38. Rxc8 g5 39. a4 g4 40. a5 g3 41. a6 Nd5 42. a7 Nb6 43. a8Q+ Nxa8 44. Rxa8 Kf3 45. Rg8 e5 46. Kc2 e4 47. Kd2 Kf2 48. Rf8+ Kg1 49. Ke2 g2 50. b4 e3 51. b5 Kh1 52. Rh8+ Kg1 53. Rg8 Kh1 54. b6 Kh2 55. b7 Kg1 56. b8Q Kh1 57. Rh8+ Kg1 58. Qb1# 1-0

[Event "Titled Tuesday intern op 01st Aug Late"]
[Site "Chess.com INT"]
[Date "2023.08.01"]
[Round "2"]
[White "Dobrikov, Marco"]
[Black "Moroni, Luca Jr"]
[Result "0-1"]
[WhiteElo "2252"]
[BlackElo "2573"]
[PlyCount "86"]
[EventDate "2023.08.01"]
[EventType "swiss (blitz)"]
[EventRounds "11"]
[EventCountry "USA"]
[SourceTitle "EXT 2024"]
[Source "ChessBase"]
[SourceDate "2023.10.10"]
[SourceVersion "1"]
[SourceVersionDate "2023.10.10"]
[SourceQuality "1"]

1. d4 g6 2. e4 Bg7 3. Nc3 d6 4. h4 Nf6 5. h5 Nxh5 6. Rxh5 gxh5 7. Qxh5 Bxd4 8. Bc4 e6 9. Nge2 Bf6 10. Bh6 Nc6 11. 0-0-0 Qe7 12. g4 Bd7 13. Nb5 0-0-0 14. g5 Be5 15. f4 Na5 16. Bd3 Bxb2+ 17. Kxb2 d5 18. Nbc3 dxe4 19. Nxe4 Bc6 20. N4c3 Rhg8 21. a3 Rd7 22. Qh3 Qc5 23. f5 exf5 24. Qxf5 Nc4+ 25. Kb1 Qb6+ 26. Nb5 Bxb5 27. Bxc4 Bxc4+ 28. Ka1 Be6 29. Qf1 Rxd1+ 30. Qxd1 Rd8 31. Qc1 Qc5 32. Bg7 Qc4 33. Nc3 a6 34. Bf6 Rd6 35. a4 Rb6 36. Qd2 Rd6 37. Qe3 Qb4 38. Qa7 Qa3+ 39. Kb1 Ba2+ 40. Ka1 Rd1+ 41. Nxd1 Bb3+ 42. Kb1 Qa2+ 43. Kc1 Qxc2# 0-1

[Event "Titled Tuesday intern op 01st Aug Late"]
[Site "Chess.com INT"]
[Date "2023.08.01"]
[Round "1"]
[White "Dobrikov, Marco"]
[Black "Schut, Han"]
[Result "1-0"]
[WhiteElo "2252"]
[BlackElo "2091"]
[PlyCount "69"]
[EventDate "2023.08.01"]
[EventType "swiss (blitz)"]
[EventRounds "11"]
[EventCountry "USA"]
[SourceTitle "EXT 2024"]
[Source "ChessBase"]
[SourceDate "2023.10.10"]
[SourceVersion "1"]
[SourceVersionDate "2023.10.10"]
[SourceQuality "1"]

1. d4 Nf6 2. Bf4 d5 3. e3 e6 4. c3 Bd6 5. Bxd6 Qxd6 6. Nd2 0-0 7. Ngf3 b6 8. Bd3 Bb7 9. 0-0 Ne4 10. Ne5 f6 11. Nef3 Nd7 12. Qc2 f5 13. Ne1 Rac8 14. f3 Nxd2 15. Qxd2 c5 16. f4 c4 17. Bc2 b5 18. Nf3 a5 19. a3 Ra8 20. Qf2 b4 21. Qh4 h6 22. g4 Rf7 23. g5 hxg5 24. Nxg5 Nf6 25. axb4 Re7 26. bxa5 Qc6 27. Kh1 Qb5 28. Rf2 Rxa5 29. Rg1 Bc8 30. Rfg2 Kf8 31. Qh8+ Ng8 32. Nh7+ Kf7 33. Rxg7+ Ke8 34. Qxg8+ Kd7 35. Rxe7+ 1-0

[Event "Titled Tuesday intern op 01st Aug Late"]
[Site "Chess.com INT"]
[Date "2023.08.01"]
[Round "6"]
[White "Dobrikov, Marco"]
[Black "Weetik, Vjacheslav"]
[Result "0-1"]
[WhiteElo "2252"]
[BlackElo "2423"]
[PlyCount "128"]
[EventDate "2023.08.01"]
[EventType "swiss (blitz)"]
[EventRounds "11"]
[EventCountry "USA"]
[SourceTitle "EXT 2024"]
[Source "ChessBase"]
[SourceDate "2023.10.10"]
[SourceVersion "1"]
[SourceVersionDate "2023.10.10"]
[SourceQuality "1"]

1. d4 Nf6 2. Bf4 d5 3. e3 c5 4. c3 e6 5. Nd2 Bd6 6. Bg3 0-0 7. Ngf3 Qc7 8. Bd3 Nbd7 9. Qc2 e5 10. dxe5 Nxe5 11. Bh4 Nxd3+ 12. Qxd3 c4 13. Qc2 Nd7 14. 0-0 Nc5 15. Nd4 Bxh2+ 16. Kh1 Be5 17. N2f3 f6 18. Rad1 Bg4 19. Nf5 Nd3 20. N5d4 Qf7 21. Bg3 Rae8 22. Kg1 Qh5 23. Rxd3 cxd3 24. Qxd3 a6 25. Rd1 Bxg3 26. fxg3 Re4 27. Kf2 Rfe8 28. Re1 Bxf3 29. Nxf3 Qf7 30. a4 h6 31. a5 R4e7 32. Nd4 Qh5 33. Nf3 Rd8 34. Qd4 Qf7 35. Qb6 Rdd7 36. Rd1 Qg6 37. Qc5 Qc2+ 38. Rd2 Qe4 39. Re2 Kh7 40. Nd2 Qf5+ 41. Nf3 Rc7 42. Qb4 Re4 43. Qb6 Rce7 44. Qd6 g5 45. Kg1 Qe6 46. Qxe6 R7xe6 47. Kf2 Ra4 48. Nd4 Re4 49. b4 Kg6 50. Rc2 h5 51. Ke2 Ra1 52. Kf3 Rf1+ 53. Ke2 Rg1 54. Kf2 Rb1 55. Kf3 Re8 56. Kf2 Rc8 57. Ne2 Rxb4 58. Rd2 Rb5 59. Nd4 Rxa5 60. Rb2 b5 61. Rb3 Ra4 62. Ne6 Rac4 63. Ra3 R8c6 64. Rxa6 Rxa6 0-1